Nr. 1 Hits in Deutschland 2022 - Statistiken

Allgemein
  • Dieses Quiz wurde 199 mal gespielt
  • Das Durchschnittsergebnis liegt bei 9 aus 17
Antwortstatistiken
Wochen auf Platz 1 Lied Interpret % Korrekt
4 Wochen Wildberry Lillet Nina Chuba
89%
17 Wochen All I Want for Christmas Is You Mariah Carey
85%
3 Wochen Last Christmas Wham!
82%
1 Woche As It Was Harry Styles
76%
5 Wochen Zukunft Pink Peter Fox feat. Inéz
76%
3 Wochen Bamba Luciano feat. Aitch & Bia
63%
6 Wochen Beautiful Girl Luciano
62%
4 Wochen Sehnsucht Miksu/Macloud & T-Low
56%
1 Woche We Made It T-Low & Miksu/Macloud
56%
1 Woche Nachts wach Makko & Miksu/Macloud
44%
9 Wochen Layla DJ Robin & Schürze
41%
2 Wochen Der letzte Song (Alles wird gut) Kummer feat. Fred Rabe
34%
1 Woche Gönn dir Twenty4tim
31%
8 Wochen Abcdefu Gayle
30%
1 Woche Ohne Benzin Domiziana
29%
1 Woche Zeit Rammstein
15%
1 Woche Zick Zack Rammstein
15%
Keine übereinstimmenden Quizze gefunden
Verteilung der Resultate
Anzahl Personen mit jedem Resultat
Perzentil nach korrekt beantworteten Fragen
Ihre Resultats-Entwicklung
Sie haben dieses Quiz noch nicht gespielt